Machine Learning with Python Cookbook (Record no. 831)
[ view plain ]
| 000 -LEADER | |
|---|---|
| Fixed length control field | 00580nam a2200193 4500 |
| 003 - CONTROL NUMBER IDENTIFIER | |
| Control field | SEACOMEC |
| 005 - DATE AND TIME OF LATEST TRANSACTION | |
| Control field | 20240319123538.0 |
| 008 - FIXED-LENGTH DATA ELEMENTS--GENERAL INFORMATION | |
| Fixed length control field | 240319b |||||||| |||| 00| 0 eng d |
| 020 ## - INTERNATIONAL STANDARD BOOK NUMBER / ISBN | |
| International Standard Book Number | 978-93-5213-730-5 |
| Price | Rs.1250.00 |
| 040 ## - CATALOGING SOURCE | |
| Original cataloging agency | SEACOMEC |
| 041 ## - LANGUAGE CODE | |
| Language code | English |
| 082 ## - DEWEY DECIMAL CLASSIFICATION NUMBER | |
| Classification number | 005.133 |
| Book Number | A325 |
| 100 ## - MAIN ENTRY--PERSONAL NAME | |
| Personal name | Albon, Chris |
| 245 ## - TITLE STATEMENT | |
| Title | Machine Learning with Python Cookbook |
| Sub title | Practical Solutions from Preprocessing to Deep Learning |
| Statement of responsibility | Chris Albon |
| 260 ## - IMPRINT | |
| Place of publication | New Delhi |
| Name of publisher | SPD |
| Date of publication | 2023 |
| 300 ## - PHYSICAL DESCRIPTION | |
| Page / Vol. No | 349p |
| Dimensions | 23cm |
| 650 ## - SUBJECT ADDED ENTRY--TOPICAL TERM | |
| Topical term | Computer Programming, |
| Form subdivision | Programming languages |
| 942 ## - ADDED ENTRY ELEMENTS (KOHA) | |
| Koha item type | Books |
| Withdrawn status | Lost status | Source of classification | Damaged status | Not for loan | Home library | Current library | Date acquired | Total Checkouts | Call number | Accession number | Date last seen | Copy number | Price effective from | Koha item type |
|---|---|---|---|---|---|---|---|---|---|---|---|---|---|---|
| Dewey Decimal Classification | SEACOM ENGINEERING COLLEGE | SEACOM ENGINEERING COLLEGE | 19/03/2024 | 005.133 A325 | 21496 | 19/03/2024 | 1 | 19/03/2024 | Books | |||||
| Dewey Decimal Classification | SEACOM ENGINEERING COLLEGE | SEACOM ENGINEERING COLLEGE | 19/03/2024 | 005.133 A325 | 21497 | 19/03/2024 | 2 | 19/03/2024 | Books | |||||
| Dewey Decimal Classification | SEACOM ENGINEERING COLLEGE | SEACOM ENGINEERING COLLEGE | 19/03/2024 | 005.133 A325 | 21498 | 19/03/2024 | 3 | 19/03/2024 | Books | |||||
| Dewey Decimal Classification | SEACOM ENGINEERING COLLEGE | SEACOM ENGINEERING COLLEGE | 08/04/2024 | 005.133 A325 | 21440 | 08/04/2024 | 08/04/2024 | Reference Books |
